[Event "Interzonal-15"]
[Site "Manila"]
[Date "1990.??.??"]
[Round "13"]
[White "Seirawan, Yasser"]
[Black "Rechlis, Gad"]
[Result "1-0"]
[WhiteElo "2635"]
[BlackElo "2505"]
[Annotator "Ftacnik,L"]
[PlyCount "91"]
[EventDate "1990.06.29"]
[EventType "swiss"]
[EventRounds "13"]
[EventCountry "PHI"]
[SourceTitle "CBM 019"]
[Source "ChessBase"]
[SourceDate "1990.12.01"]
[SourceVersion "1"]
[SourceVersionDate "1990.12.01"]
[SourceQuality "1"]

1. d4 Nf6 2. c4 g6 3. Nc3 d5 4. Bf4 Bg7 5. e3 c5 6. dxc5 Be6 $5 {N} (6... Qa5
7. cxd5 Nxd5 8. Qxd5 Bxc3+) 7. Nf3 Nc6 8. Ng5 Qa5 $1 9. Qa4 (9. Nxe6 fxe6 10.
Qa4 Qxc5 11. Qb5 Qxb5 12. Nxb5 Kf7) 9... Qxa4 (9... Qxc5 10. Qb5 $1 $14) 10.
Nxa4 Bd7 11. Nc3 Rc8 $6 (11... h6 $1 12. Nf3 Rc8 $10) 12. Rd1 h6 13. cxd5 hxg5
14. dxc6 Rxc6 (14... bxc6 15. Be5 $14) 15. Bb8 $1 (15. Bxg5 Rxc5 16. Bf4 Nh5)
15... a6 16. b4 a5 $1 (16... O-O 17. Be5 $16) 17. a3 axb4 18. axb4 Rh4 $1 19.
Be5 Rxb4 20. Bb5 Rxb5 (20... Rxc5 21. Bxf6 (21. Bxd7+ Nxd7 22. Bxg7 f6 $13)
21... Bxb5 22. Bxg7 f6 23. Nxb5 Rbxb5 24. h4 gxh4 25. Rxh4 Rh5 $14) 21. Nxb5
Rxc5 22. Bxf6 Bxf6 23. Nd4 Ba4 $1 24. Rb1 e5 $1 25. Ne2 Bb5 (25... Bc6 $10) 26.
Rc1 $1 Bc4 27. f3 b5 28. Kf2 Be7 29. g4 f5 $2 (29... Rc6 30. Ng3 Ra6 31. Ra1
Ba3 $44) 30. Ng3 f4 31. Ne4 Rc6 32. exf4 gxf4 $2 (32... exf4 $14) 33. h4 $1 $16
Ra6 34. h5 Ra2+ 35. Kg1 Bd8 $2 (35... Ba3 36. Re1 Bb2 37. Rh2) 36. Nd6+ Ke7 37.
Nxc4 bxc4 38. h6 Bb6+ 39. Kf1 Ra8 40. h7 Rh8 41. Rxc4 Kf7 42. Ke2 Kg7 43. Rb4
Be3 44. g5 Bc5 45. Rb7+ Kf8 46. Rc1 {Ftacnik,L} 1-0

[Event "RUS-Cup02"]
[Site "Moscow"]
[Date "1998.??.??"]
[Round "3"]
[White "Chekhov, Valery A"]
[Black "Krasilnikov, Viatcheslav"]
[Result "1-0"]
[WhiteElo "2520"]
[BlackElo "2320"]
[Annotator "Ftacnik,L"]
[PlyCount "49"]
[EventDate "1998.01.21"]
[EventType "swiss"]
[EventRounds "9"]
[EventCountry "RUS"]
[SourceTitle "CBM 063"]
[Source "ChessBase"]
[SourceDate "1998.03.26"]
[SourceVersion "1"]
[SourceVersionDate "1998.03.26"]
[SourceQuality "1"]

1. d4 Nf6 2. c4 g6 3. Nc3 d5 4. Bf4 Bg7 5. e3 c5 6. dxc5 Qa5 7. Qa4+ Qxa4 8.
Nxa4 Ne4 9. cxd5 Bd7 10. f3 Bxa4 11. fxe4 Bxb2 12. Rb1 Bc3+ 13. Kf2 Nd7 14. Rc1
(14. Bb5 Bxb5 15. Rxb5 a6 16. Rxb7 Nxc5 17. Rc7 Nxe4+ 18. Kf3 Ba5 19. Kxe4 Bxc7
20. Bxc7 Rc8 21. Be5 f6 22. Nf3 fxe5 23. Rb1 $44) 14... Nxc5 15. Kf3 (15. Rxc3
$2 Nxe4+ 16. Kf3 Nxc3 17. Be5 Bd1+ $1) 15... Bb4 16. Rc4 Bb5 (16... a5 17. a3
Bd1+ (17... Bxa3 $2 18. Rxa4 Nxa4 19. Bb5+ $16) 18. Be2 Bxe2+ 19. Nxe2 Bxa3 (
19... Nb3 20. Rc2 Bxa3 21. Rb1 a4 22. Nd4 $1 (22. Ra2 $2 O-O) 22... b6 (22...
Nxd4+ 23. exd4 O-O 24. Ra2 Bd6 25. e5 Bc7 26. Rxb7 $16) 23. Nxb3 (23. Nb5 Bc5)
23... axb3 24. Rxb3 Bc5 25. Bc7 $1 O-O (25... Ra6 26. Bxb6 Bxb6 27. Rxb6 Rxb6
28. Rc8+ $16) 26. Bxb6 Bd6 27. Bc7 $1 {/\ e5} Ra7 $1 28. Rbc3 $1 {1-0 Braga,
F-Hansen,C/Roma 1988 (42)}) 20. Rb1 {/\ 21.Rc3 Bb4 22.Rb4 ab4 23.Rc5} Nd3 (
20... f5 21. exf5 gxf5 22. Ng3 O-O 23. Rc3 Ne4 24. Nxe4 fxe4+ 25. Kxe4 Bb4 26.
Rc7 Ra7 27. Be5 {1-0 Ballon,G-Holmes,D/Edinburgh op 1989 (31)}) (20... Kd7 21.
Rc3 Bb4 22. Rxb4 axb4 23. Rxc5 Rhc8 24. Rb5 Rc2 25. Nd4 Rc4 26. Rxb7+ Kc8 27.
Rxe7 Ra3 28. Nc6 {1-0 Bjornsson,B-Mirabile,T/World op 1995}) 21. Rxb7 Bd6 (
21... Bb4 22. Nd4 g5 23. Bg3 h5 24. Ke2 h4 25. Bc7 Nb2 26. Rc2 Na4 27. Nc6 {
1-0 Cifuentes Parada,R-Milos,G/Buenos Aires 1988 (35)}) 22. Nd4 a4 23. Nc6 $5 (
23. Bxd6 exd6 24. Rxa4 Ne5+ 25. Kf4 Rxa4 26. Rb8+ Ke7 27. Rxh8 h5 $11) 23... a3
24. e5 $6 (24. Bxd6 exd6 25. Rb1) 24... a2 25. exd6 O-O $1 $17 {1-0 Novikov,
I-Schmidt,W/Poznan 1987 (47)}) (16... Ba3 $2 17. Rxa4 Nxa4 18. Bb5+) 17. Rxb4
Bxf1 18. Ne2 (18. Nh3 Ba6 $11) 18... Bxe2+ 19. Kxe2 Kd7 {This move is quite
courageous, black hopes to benefit from the central position of his king.
Unfortunatelly, his safety depends very much on the strength of the Nc5 and
pawn f7 becomes vulnerable as well. White manages to address both problems
with a bishop manouvre to e3.} (19... f5 20. exf5 gxf5 21. Rd1 Rd8 (21... b6 $5
) 22. Kf3 Rg8 23. Be5 Rd7 24. Rh4 {1/2-1/2 Timman,J-Kasparov,G/Amsterdam 1988 
(45)}) (19... O-O 20. e5 {/\ e4+/-}) 20. e5 (20. Rc1 b6 $11) 20... h6 $6 (20...
Rac8 21. Rf1 h5 22. Bg5 Rh7 $14) 21. e4 Rac8 22. Be3 b6 (22... a5 23. Rb5 Nxe4
24. Kd3 f5 25. Rxb7+ $16) 23. Rf1 Rh7 (23... Rcf8 24. Bxc5 bxc5 25. Rb7+ $18)
24. Rc4 {Black is suddenly in great trouble with exposed pieces and lack of
coordination.} Nb7 $2 (24... h5 25. Rfc1 h4 26. Bxc5 bxc5 27. Rxc5 $16) 25. e6+
$1 (25. e6+ $1 fxe6 26. dxe6+ Kd8 27. Rf8#) 1-0

[Event "Odorheiu Secuiesc"]
[Site "Odorheiu Secuiesc"]
[Date "1993.??.??"]
[Round "2"]
[White "Rogozenco, Dorian"]
[Black "Horvath, Jozsef"]
[Result "0-1"]
[WhiteElo "2480"]
[BlackElo "2535"]
[Annotator "Ftacnik,L"]
[PlyCount "106"]
[EventDate "1993.05.??"]
[EventType "tourn"]
[EventRounds "11"]
[EventCountry "ROU"]
[EventCategory "12"]
[SourceTitle "CBM 036"]
[Source "ChessBase"]
[SourceDate "1993.10.01"]
[SourceVersion "1"]
[SourceVersionDate "1993.10.01"]
[SourceQuality "1"]

1. d4 Nf6 2. c4 g6 3. Nc3 d5 4. Bf4 Bg7 5. Rc1 Nh5 6. Bg5 (6. Bd2 $5 c5 (6...
Bxd4 $2 7. Nf3 Bg7 8. cxd5 $16) (6... dxc4 7. e3 Be6 8. Nf3) 7. e3 $1 cxd4 8.
exd4 Nc6 9. cxd5 Nxd4 10. Nge2 $14) 6... h6 7. Bh4 (7. Bd2 $5 dxc4 (7... c5 $5
8. e3 (8. dxc5 $2 d4 $17) (8. cxd5 cxd4 9. Nb5 Na6 10. Qb3 $13) 8... cxd4 9.
exd4 Nc6 10. cxd5 Nxd4 11. Nge2 Bg4 12. h3 Bxe2 13. Bxe2 $14) 8. e3 Be6 9. Nf3
c6 10. Ne4 Bd5 11. Qc2 b5 12. Nc5 f5 13. Nh4 $1 Qd6 $8 14. Be2 O-O 15. O-O $2
Qf6 16. g3 Qf7 $1 17. f3 g5 18. Ng2 f4 $1 19. g4 fxe3 20. Bxe3 Nf4 21. Nxf4
gxf4 22. Bf2 e6 23. b3 cxb3 24. axb3 $13 {Pinter,J-Popovic,P/Thessaloniki ol/
1988/}) 7... dxc4 (7... c5 8. e3 $5 (8. Nxd5 Nc6 $15 9. e3 Be6 $1 10. Be2 cxd4
11. exd4 Bxd5 12. cxd5 Qxd5 13. Bxh5 gxh5 $1 14. Nf3 Nxd4 15. Nxd4 $6 Bxd4 $1
$17 16. O-O Rg8 17. g3 Rd8 18. Qe2 f6 19. h3 $1 Rd7 20. Kh2 Kf7 21. Rfd1 Rgd8
22. Rc2 Qf5 23. Rcd2 e6 $4 24. Rd3 $14 {Kortchnoi,V-Vaganian,R/Reggio Emilia/
1987/1-0 (50)}) (8. dxc5 $6 d4 9. Nd5 g5 10. e4 gxh4 11. Qxh5 e6 $17) 8... cxd4
9. exd4 dxc4 10. Bxc4 O-O 11. d5 $1 Nd7 12. Nf3 g5 $5 13. Bg3 Nxg3 14. hxg3 g4
$8 15. Nh4 $5 Ne5 16. Bb3 Qb6 $1 17. O-O Bd7 18. Re1 $6 Rac8 19. Rc2 Qa6 $1 $8
20. Rd2 Rfe8 $1 21. d6 $1 e6 $8 22. Rd4 $5 h5 $1 23. Ree4 $5 b5 $1 24. Ne2 {
Dydyshko,V-Novik,M/Katowice/1992/0-1 (51)}) (7... g5 8. e3 $1 $16) 8. e3 Be6 9.
Be2 c5 10. dxc5 (10. Bxh5 cxd4 11. exd4 gxh5 $15) 10... Nd7 11. Nf3 (11. Bxh5
gxh5 12. c6 bxc6 13. Qxh5 Ne5 $36) 11... Nxc5 12. Nd4 Bxd4 13. exd4 Nf4 14. O-O
(14. dxc5 Nxg2+ 15. Kf1 Nxh4 $17) 14... Ncd3 15. Bxd3 Nxd3 16. Qa4+ (16. Rc2
Qxd4 $19) 16... Bd7 (16... Kf8 17. d5 Nxc1 18. Rxc1 Bf5 19. Qxc4 $132) 17. Qxc4
Nxc1 18. Rxc1 O-O (18... Rc8 19. Qd5 Bc6 20. Qe5 Rf8 21. d5 $36) 19. Qd5 b5 (
19... Bc6 20. Qc5 Re8 21. Re1 g5 22. Bg3 $15) 20. Re1 b4 (20... Be6 21. Qc5 Rc8
22. Qxa7 g5 23. Bg3 b4 24. Ne4 Rc2 25. b3 $15) 21. Bxe7 (21. Rxe7 bxc3 22. Rxf7
Rxf7 23. Bxd8 cxb2 24. Qb3 Rxd8 25. Qxb2 Bc6 $19) 21... Re8 22. Re3 (22. Re4
Qb6 23. Bc5 Qc6 $17) 22... Rxe7 (22... Qb6 23. Bxb4 Qxb4 24. Qxd7 Rxe3 25. fxe3
Qxb2 26. Qc6 $17) 23. Rxe7 Be6 24. Qxd8+ Rxd8 25. Ne2 a5 (25... Bxa2 26. Rxa7
Bc4 27. Re7 Kf8 28. Re3 Bxe2 29. Rxe2 Rxd4 $10) 26. h3 (26. b3 Rc8 27. Kf1 a4
$1 (27... Rc2 28. Nf4 Bf5 29. Re2 Rc1+ 30. Re1 $10) 28. Rb7 a3 29. Rxb4 Rc2 30.
Nf4 Bf5 $17) 26... Bxa2 27. f3 (27. Ra7 Bc4 28. Ng3 Rxd4 29. Rxa5 Rd2 $17)
27... Bc4 28. Kf2 a4 29. Ra7 (29. Rb7 Bxe2 (29... a3 30. bxa3 bxa3 31. Ra7 a2
32. Nc3 Rxd4 33. Ke1 Rd7 34. Ra8+ Kg7 35. Nxa2 Re7+ 36. Kd1 Re2 $17) 30. Kxe2
Rxd4 31. Ra7 b3 $17) 29... Bb5 30. Ra5 Be8 31. d5 Kg7 32. Nd4 Rc8 33. Nc6 $6 (
33. Ke3) 33... Bxc6 34. dxc6 Rxc6 35. Rxa4 Rc2+ 36. Ke3 Rxb2 $17 (36... Rxg2
37. Rxb4 $10) 37. g3 h5 38. h4 Kf6 39. Ra7 b3 40. Rb7 Ke6 41. Ke4 Rb1 42. Rb6+
Ke7 43. Rb7+ Kf6 44. Rb6+ Ke7 45. Kf4 b2 46. Rb7+ Ke8 47. Rb8+ Kd7 48. Rb7+ Kc6
49. Rb8 f6 $1 50. Rb3 Kd5 51. Rb5+ Kc4 52. Rb8 Kd3 53. Rb7 (53. Rd8+ Ke2 54.
Rb8 Kf2 55. Rb3 Kg2 56. Rb6 g5+ 57. hxg5 fxg5+ 58. Kxg5 Kxg3 59. f4 h4 60. f5
h3 61. f6 h2 62. f7 h1=Q 63. Rb3+ Kg2 64. f8=Q Qc1+ $18) 53... Ra1 $1 (53...
Ra1 54. Rxb2 Ra4+ 55. Rb4 Rxb4#) 0-1

[Event "RUS-Cup6"]
[Site "Krasnodar"]
[Date "1997.??.??"]
[Round "3"]
[White "Yakovich, Yuri"]
[Black "Beshukov, Sergei"]
[Result "1-0"]
[WhiteElo "2575"]
[BlackElo "2435"]
[Annotator "Ftacnik,L"]
[PlyCount "61"]
[EventDate "1997.03.11"]
[EventType "swiss"]
[EventRounds "9"]
[EventCountry "RUS"]
[SourceTitle "EXT 2000"]
[Source "ChessBase"]
[SourceDate "1999.11.16"]
[SourceVersion "1"]
[SourceVersionDate "1999.11.16"]
[SourceQuality "1"]

1. d4 Nf6 2. c4 g6 3. Nc3 d5 4. Bf4 Bg7 5. e3 c5 6. dxc5 Qa5 7. Qa4+ Qxa4 8.
Nxa4 Ne4 9. f3 Bd7 10. fxe4 Bxa4 11. cxd5 Nd7 $5 (11... Bxb2 12. Rb1 Bc3+ 13.
Kf2 Nd7 14. Rc1 (14. Kf3 Nxc5 15. Bb5+ Bxb5 16. Rxb5 b6 17. Ne2 Bg7 18. Nd4 e5
19. dxe6 Nxe6 20. Nxe6 fxe6 21. Bd6 Rd8 22. e5 {Lazovic,G-Jelen,Ig/Ljubljana
op (08)/1996/0-1 (51)}) (14. Bb5 Bxb5 15. Rxb5 a6 16. Rxb7 Nxc5 17. Rc7 Nxe4+
18. Kf3 Ba5 19. Kxe4 Bxc7 20. Bxc7 Rc8 21. Be5 f6 22. Nf3 fxe5 23. Rb1 {
1/2-1/2 Karasev,V-Garcia Martinez,S/Polanica Zdroj (02)/1974 (37)}) 14... Nxc5
(14... Bg7 15. c6 bxc6 16. dxc6 Nb6 17. Ba6 O-O 18. Nf3 f5 19. exf5 Rxf5 20. g4
Ra5 21. Bb7 Rf8 22. c7 Nc8 23. Bxc8 Rxc8 24. Rhd1 Bxd1 25. Rxd1 Rxa2+ 26. Kg3
Rf8 27. Rd7 Rc2 28. Rxe7 {1-0 Kaunas,K-Jacobs,J/Goch op (07) 1992 (39)}) 15.
Kf3 (15. Rxc3 Nxe4+ 16. Ke1 (16. Kf3 Nxc3 17. Be5 Bd1+ $1) 16... Nxc3 17. Be5
Ne4 18. Bxh8 f6 19. Bg7 Rc8 20. Ne2 Rc2 21. Rg1 Rxa2 22. Nd4 b5 23. Bd3 Ra1+
24. Ke2 Rxg1 25. Bxe4 b4 {0-1 Kupka,S-Lechtynsky,J/CSR-ch Bratislava (09)/1967
(40)}) 15... Bb4 16. Rc4 a5 (16... Bb5 17. Rxb4 Bxf1 18. Ne2 (18. Nh3 Ba6 $11)
18... Bxe2+ 19. Kxe2 f5 20. exf5 gxf5 21. Rd1 Rd8 22. Kf3 Rg8 23. Be5 Rd7 24.
Rh4 e6 {1/2-1/2 Timman,J-Kasparov,G/Amsterdam/1988 (45)}) 17. a3 Bd1+ 18. Be2
Bxe2+ 19. Nxe2 Bxa3 (19... Nb3 20. Rc2 Bxa3 21. Rb1 a4 22. Nd4 (22. Ra2 $2 O-O)
22... b6 (22... Nxd4+ 23. exd4 O-O 24. Ra2 Bd6 25. e5 Bc7 26. Rxb7 $16) 23.
Nxb3 (23. Nb5 Bc5) 23... axb3 24. Rxb3 Bc5 {1-0 Braga,F-Hansen,Cu/Roma/1988 
(43)}) 20. Rb1 Nd3 (20... f5 21. exf5 gxf5 22. Ng3 O-O 23. Rc3 Ne4 24. Nxe4
fxe4+ 25. Kxe4 Bb4 {1-0 Ballon,G-Holmes,D/Edinburgh op 1989 (32)}) 21. Rxb7 Bd6
(21... Bb4 22. Nd4 g5 23. Bg3 h5 24. Ke2 h4 25. Bc7 Nb2 26. Rc2 Na4 27. Nc6 {
1-0 Cifuentes Parada,R-Milos,G/Buenos Aires/1988 (36)}) 22. Nd4 a4 23. Nc6 (23.
Bxd6 exd6 24. Rxa4 Ne5+ 25. Kf4 Rxa4 26. Rb8+ Ke7 27. Rxh8 h5 $11) 23... a3 24.
e5 (24. Bxd6 exd6 25. Rb1) 24... a2 25. exd6 O-O 26. Nxe7+ Kg7 27. Rc1 Nxc1 28.
Be5+ Kh6 29. Ba1 {Novikov,I-Schmidt,Wl/Poznan/1987/1-0 (48)}) (11... Bc2 12.
Bb5+ Nd7 13. c6 bxc6 14. dxc6 Nb6 15. c7+ Kf8 16. Bc6 Bxb2 17. Bh6+ Kg8 18.
Bxa8 Bxa1 19. Bb7 Bg7 20. Bf4 Bc3+ 21. Kf2 Kg7 22. Nf3 {1-0 Ballon,G-Belaz,C/
Bern op (03)/1994 (37)}) 12. Rc1 Bxb2 13. Rc4 b5 (13... Bb5 14. Rc2 Bxf1 15.
Kxf1 Bg7 16. Nf3 $14) 14. cxb6 (14. Rxa4 $5 bxa4 15. Bb5 Rc8 16. c6 Ne5 17. Nf3
$14) 14... axb6 (14... Nxb6 $2 15. Rxa4 Nxa4 16. Bb5+ $18) 15. Nf3 b5 (15...
Bb5 16. Rc2 Bxf1 17. Rxf1 $16) 16. Rc7 b4 17. Bc4 Bc3+ (17... Bc2 $2 18. Bb5
Bc3+ 19. Ke2 Rd8 20. Ne5 Bxe5 21. Bxe5 f6 22. Rxc2 fxe5 23. Rc7 $18) 18. Ke2
Nb6 (18... O-O 19. e5 $16) 19. Bb3 Bxb3 (19... Bb5+ 20. Kf2 Bd3 21. e5 $16) 20.
axb3 Ra2+ 21. Kd3 {The king goes to the center, since strong pawns and good
support of white pieces offer him enough protection. Der Konig marchiert zum
Zentrum, weil starke Bauern und gute Figurenunterstutzung bieten Ihm genugende
Huttung.} O-O (21... Rxg2 22. Rc6 $16) 22. Rxe7 Bf6 23. Rb7 Rc8 24. Rc7 (24.
Rxb6 $2 Rc3#) (24. e5 Bd8 25. e6 fxe6 26. dxe6 Nd5 27. Be5 $18) 24... Rca8 (
24... Rxg2 25. Rxc8+ Nxc8 26. e5 $18) 25. Rc6 Nd7 (25... Bd8 26. Bd6 Rxg2 27.
Bxb4 $18) 26. e5 Be7 27. Rhc1 R8a5 (27... Rxg2 28. Rc8+ Rxc8 29. Rxc8+ Bf8 30.
Bh6 Rb2 31. Ke4 Rxb3 32. e6 $18) 28. d6 Bf8 29. Rc7 Nb6 30. Rb7 Nd5 (30... Rd5+
31. Ke4 $18) 31. Ke4 (31. Ke4 Nc3+ 32. Kd3 Rxg2 33. Nd4 $18) 1-0

[Event "Belgrade Investbank"]
[Site "Belgrade"]
[Date "1989.11.??"]
[Round "7"]
[White "Timman, Jan H"]
[Black "Popovic, Petar"]
[Result "1/2-1/2"]
[WhiteElo "2635"]
[BlackElo "2550"]
[Annotator "Ftacnik,L"]
[PlyCount "106"]
[EventDate "1989.11.??"]
[EventType "tourn"]
[EventRounds "11"]
[EventCountry "YUG"]
[EventCategory "15"]
[SourceTitle "CBM 016"]
[Source "ChessBase"]
[SourceDate "1990.06.01"]
[SourceVersion "1"]
[SourceVersionDate "1990.06.01"]
[SourceQuality "1"]

1. d4 Nf6 2. c4 g6 3. Nc3 d5 4. Bf4 Bg7 5. e3 c5 6. dxc5 Qa5 7. Rc1 Ne4 8. cxd5
Nxc3 9. Qd2 Qxa2 10. bxc3 Qxd2+ 11. Kxd2 Nd7 12. Bb5 O-O 13. Bxd7 Bxd7 14. e4
f5 15. e5 e6 16. c4 Rfc8 17. c6 bxc6 18. d6 g5 {N} (18... c5 19. h4 h6 20. Nh3
a5 21. f3 a4 22. Rhe1 a3 23. Nf2 $16 {Karpov,A-Kasparov,G/London-Leningrad (m/
5)/1986/1-0/32/}) 19. Bxg5 Bxe5 20. c5 Bg7 21. f4 Rcb8 22. Nf3 h6 23. Bh4 (23.
Be7 $5 $16 {Popovic}) 23... Rb2+ 24. Rc2 Rb4 25. Rhc1 Rxf4 26. Rb1 Bc8 27. Ke3
Re4+ 28. Kf2 Kf8 29. Rd2 Bd7 30. Rb7 Ke8 31. Rd1 Bc3 32. Rdb1 e5 33. R1b3 Bd4+
34. Nxd4 exd4 (34... Rxh4 35. Rxd7 $1 Kxd7 36. Rb7+ Ke8 37. Ne6 $18) 35. Bf6 (
35. g3 $5) 35... f4 36. Rc7 Kf7 37. Rxd7+ $2 (37. Bh4 $5 Ke6 38. Rbb7 Bc8 39.
Re7+ Kd5 40. Rxe4 Kxe4 41. Rc7 Kd5 42. d7 Bxd7 43. Rxd7+ Kxc5 44. Bf6 $18)
37... Kxf6 38. Rc7 Ke6 39. Rxc6 Kd5 40. Rc7 Re3 41. Rb2 Rc3 42. d7 Rd8 43. Rb5
Kc4 44. Rbb7 d3 45. Rb1 Kd5 46. Rd1 Rxc5 47. Rxd3+ Kc4 48. Rc3+ Kxc3 49. Rxc5+
Kb4 50. Rd5 a5 51. Kf3 a4 52. Kxf4 a3 53. Rd2 Kc3 {Ftacnik} 1/2-1/2

[Event "London WFW"]
[Site "London"]
[Date "1990.??.??"]
[Round "?"]
[White "Levitt, Jonathan"]
[Black "Wolff, Patrick G"]
[Result "0-1"]
[WhiteElo "2465"]
[BlackElo "2500"]
[Annotator "Ftacnik,L"]
[PlyCount "78"]
[EventDate "1990.04.??"]
[EventType "tourn"]
[EventRounds "13"]
[EventCountry "ENG"]
[EventCategory "11"]
[SourceTitle "CBM 018"]
[Source "ChessBase"]
[SourceDate "1990.10.01"]
[SourceVersion "1"]
[SourceVersionDate "1990.10.01"]
[SourceQuality "1"]

1. d4 Nf6 2. c4 g6 3. Nc3 d5 4. Bf4 Bg7 5. e3 c5 6. dxc5 Qa5 7. Rc1 Ne4 8. cxd5
Nxc3 9. Qd2 Qxa2 10. bxc3 Qa5 11. Nf3 Nd7 12. Bc4 Nxc5 13. Be5 Bxe5 14. Nxe5 f6
15. Nf3 Bd7 (15... b5 16. Ba2 Ne4 (16... Bf5 17. O-O Rc8 18. d6 Ne4 19. Qd5
Nxd6 20. Rfd1 Qa3 21. Nd4 Rc5 22. Qa8+ Rc8 23. Qd5 Rc5 $10 {Pekarek,A-Stohl,I/
Praha ch-CS/1986/}) 17. Qb2 Bd7 18. O-O Rc8 19. Qb4 Qxa2 20. Qxe4 Bf5 21. Qd4
Rc4 22. Ra1 Rxd4 23. Rxa2 Rxd5 24. Rxa7 $10 {Staniszewski,P-Jasnikowski,Z/
Polska ch/1988/}) 16. O-O b5 17. Ba2 Rc8 18. d6 (18. c4 b4) 18... Ne4 19. Bf7+
$6 (19. Qd5 Nxd6 $13) 19... Kf8 $1 (19... Kxf7 20. Qd5+ Be6 21. Qxe4 exd6 22.
Nd4 $36) 20. dxe7+ Kxe7 21. Qc2 (21. Qd3 Nxc3 22. Bb3 Bf5) 21... Nxc3 22. Bb3
b4 (22... Bf5 23. Qb2 (23. Qd2 $5 Rhd8 24. Nd4) 23... Bd3 24. Rfe1 Ne2+ 25.
Rxe2 Bxe2 26. Nd4 Rxc1+ 27. Qxc1 Rc8 $1 $19) 23. Nd4 Rhd8 (23... Qb6 $5 {
/\ a5-a4 -+}) 24. f4 f5 $6 (24... Qb6 25. Qf2 Kf8 26. Qh4 Kg7) 25. Qf2 $1 Rf8
26. Qh4+ Ke8 27. Qxh7 Qb6 28. Ra1 (28. Rf3 $5 {/\ Rg3 <=>}) 28... Rc7 29. Qh4
a5 30. Rfd1 Qf6 $1 (30... Nxd1 31. Rxd1 a4 32. Ne6 Bxe6 33. Qd8+ Kf7 34. Bxe6+
Qxe6 35. Qxc7+ Kg8 36. Rd7) 31. Qe1 (31. Qxf6 Rxf6 32. Rxa5 Nxd1 $19) 31... a4
$19 32. Bxa4 Bxa4 33. Rxa4 Nxa4 34. Qxb4 Nc3 35. Ra1 Ne2+ $1 36. Kf2 Nxd4 37.
Ra8+ Kd7 38. Qa4+ (38. Rxf8 Qh4+ $19) 38... Nc6 39. Qd1+ Ke7 {Ftacnik,L} 0-1

[Event "Mitropa Cup 16th"]
[Site "Buekfuerdo"]
[Date "1995.??.??"]
[Round "2"]
[White "Kachiani Gersinska, Ketino"]
[Black "Fogarasi, Tibor"]
[Result "1-0"]
[WhiteElo "2380"]
[BlackElo "2500"]
[Annotator "Hecht,H"]
[PlyCount "71"]
[EventDate "1995.02.27"]
[EventType "team-tourn"]
[EventRounds "9"]
[EventCountry "HUN"]
[SourceTitle "CBM 046 Extra"]
[Source "ChessBase"]
[SourceDate "1995.07.01"]
[SourceVersion "1"]
[SourceVersionDate "1995.07.01"]
[SourceQuality "1"]

1. d4 Nf6 2. c4 g6 3. Nc3 d5 4. Bf4 Bg7 5. e3 c5 6. dxc5 Qa5 7. Qa4+ Qxa4 8.
Nxa4 Be6 9. Bxb8 Rxb8 10. cxd5 Bxd5 11. Bb5+ Bc6 12. Bxc6+ bxc6 13. Rd1 Nd5 14.
Nf3 O-O 15. Nd4 Nb4 16. Ke2 e5 17. Nb3 Nxa2 18. Na5 Rb4 19. b3 e4 20. Rd7 Rb5
21. Rxa7 Rc8 22. Rb1 f5 23. Rd1 Nc3+ 24. Nxc3 Bxc3 25. Nxc6 Bf6 26. Rd6 Rxc5
27. Rxf6 R5xc6 28. Rxc6 Rxc6 29. Kd2 $18 {Der sK ist abgeschnitten. Weisser
Gewinnplan: Vormarsch des b-P unter P-Opfer am Königsflügel. Die schwarze
Verteidigung ist nicht optimal.} Rd6+ $6 (29... h5 $5 30. b4 Kf8 31. Ra2 {
Der wR strebt hinter seinen Freibauern.} Ke7 32. b5 Rb6 (32... Rc5 33. Rb2 Kd7
34. b6 Kc8 35. Rc2 Rxc2+ 36. Kxc2 Kb7 37. Kc3 Kxb6 38. Kd4 $18) 33. Rb2 Kd6 34.
Kc3 Kc5 35. h4 Rxb5 (35... Rb8 36. b6 Rb7 37. Rb1 $18) (35... Kd5 36. Kb4 Rb8
37. Rd2+ Ke6 38. Kc5 $18) 36. Rxb5+ Kxb5 37. Kd4 Kb4 38. Ke5 Kc4 39. Kf6 Kd3
40. Kxg6 $18) 30. Kc2 Rc6+ 31. Kb2 Rd6 32. b4 $1 Rd2+ 33. Kc3 Rxf2 34. b5 Re2
35. b6 Rxe3+ 36. Kc4 1-0

[Event "Beersheba"]
[Site "Beersheba"]
[Date "1996.??.??"]
[Round "11"]
[White "Mikhalevski, Alexander"]
[Black "Shmuter, Leonid"]
[Result "1-0"]
[WhiteElo "2435"]
[BlackElo "2490"]
[Annotator "Kantsler,B"]
[PlyCount "79"]
[EventDate "1996.03.??"]
[EventType "tourn"]
[EventRounds "11"]
[EventCountry "ISR"]
[EventCategory "10"]
[SourceTitle "CBM 053"]
[Source "ChessBase"]
[SourceDate "1996.08.01"]
[SourceVersion "1"]
[SourceVersionDate "1996.08.01"]
[SourceQuality "1"]

1. d4 Nf6 2. c4 g6 3. Nc3 d5 4. Bf4 Bg7 5. e3 c5 6. Nf3 cxd4 7. Nxd4 a6 8. Nb3
e6 9. Be2 O-O 10. O-O Nc6 11. Rc1 h6 12. Bg3 $1 {N/} (12. h3 $6 {Mikhalevski,
A-Tukmakov,V/Biel/1992/0:1/40/}) 12... a5 13. Bf3 a4 (13... dxc4 $6 14. Nd2 $16
) 14. Nc5 d4 15. N3xa4 (15. exd4 Nxd4 $13) 15... Nh5 (15... dxe3 16. fxe3 $16)
16. Bxc6 $1 (16. Bxh5 $6 gxh5 17. e4 h4 $132) 16... bxc6 17. e4 d3 $2 (17... f5
18. exf5 exf5 19. f4 Nf6 $15) 18. b3 f5 19. exf5 exf5 20. f4 Nxg3 21. hxg3 Rxa4
(21... d2 $2 22. Rc2 $16) 22. Nxa4 c5 $6 (22... Qd4+ 23. Kh2 Rd8 $16) 23. Rf3
Qd4+ 24. Kh2 Rd8 25. Nc3 Ba6 (25... Bb7 26. Nd5 d2 27. Rc2 Bxd5 28. Rxd2 Bxf3
29. Rxd4 $18) 26. Nd5 Rxd5 27. cxd5 Qxd5 28. Rc4 $1 Bxc4 29. bxc4 Qxc4 30. a3
Bd4 31. Rxd3 Kf7 32. Qf3 h5 33. Qb7+ Kg8 (33... Ke6 34. Rb3 $18) 34. Qb3 Qf7
35. a4 Kg7 36. Qxf7+ Kxf7 37. a5 Bf2 38. a6 c4 39. Rc3 Ke6 40. Rxc4 1-0